60 Second Blitz: 'S' Countries Quiz Stats

Quiz Updated Jan 9, 2016

Challenge
Share
Tweet
Embed
Score 0/27 Timer 01:00
5 Plays Today
Country % Correct
Sweden
74.8%
Switzerland
71.3%
Spain
64.8%
Sudan
62.7%
South Africa
60.6%
South Korea
56.8%
Slovakia
53.4%
Slovenia
50.8%
Swaziland
48.5%
Somalia
48.1%
Suriname
47%
Senegal
42.5%
Serbia
41.2%
Singapore
39.1%
Country % Correct
Syria
38.1%
Saint Kitts and Nevis
37.4%
Saudi Arabia
36.9%
Saint Lucia
34.3%
Sri Lanka
33.9%
Saint Vincent and the Grenadines
31%
South Sudan
30.4%
Seychelles
30.1%
San Marino
28.4%
Samoa
27.5%
Sierra Leone
23%
São Tomé and Príncipe
21.4%
Solomon Islands
19.7%

You're not logged in!

Compare scores with friends on all Sporcle quizzes.
Sign Up with Email
OR
Log In

You Might Also Like...

Show Comments

Extras

Top Quizzes Today


Score Distribution

Your Account Isn't Verified!

In order to create a playlist on Sporcle, you need to verify the email address you used during registration. Go to your Sporcle Settings to finish the process.